Exploring animal behaviour through sound: (Record no. 758756)

MARC details
000 -LEADER
fixed length control field 00438nam a2200157 4500
020 ## - INTERNATIONAL STANDARD BOOK NUMBER
ISBN 9783031834592
082 ## - DEWEY DECIMAL CLASSIFICATION NUMBER
Classification number 591.5
Item number ERB.E.2
084 ## - OTHER CLASSIFICATION NUMBER
Source of Number Colon Classification
100 ## - MAIN ENTRY--AUTHOR NAME
Personal name Erbe, Christine
245 ## - TITLE STATEMENT
Title Exploring animal behaviour through sound:
Sub Title Volume 2 applications
260 ## - PUBLICATION, DISTRIBUTION, ETC. (IMPRINT)
Place of publication Switzerland:
Name of publisher Springer;
Year of publication 2025.
300 ## - PHYSICAL DESCRIPTION
Number of Pages 581p.
700 ## - ADDED ENTRY--PERSONAL NAME
Personal name Jeanette A Thomas
942 ## - ADDED ENTRY ELEMENTS (KOHA)
Source of classification or shelving scheme Dewey Decimal Classification
Koha item type Book
Holdings
Withdrawn status Lost status Source of classification or shelving scheme Damaged status Not for loan Collection code Home Library Current Location Shelving location Date acquired Full call number Accession Number Price effective from Koha item type
    Dewey Decimal Classification     Non-fiction Campus Library Kariavattom Campus Library Kariavattom General Stacks 20/04/2026 591.5 ERB.E.2 UCL35779 20/04/2026 Book